000 00458 a2200169 4500
003 OSt
005 20231222134635.0
008 231222b |||||||| |||| 00| 0 eng d
020 _a8170558190
040 _coclc
082 _a891.433
_bPUS/A
100 1 _aPushpā, Maitreyī
_910134
245 _aAGANPAAKHI /
260 _aNew Delhi:
_bVani Prakashan,
_c2014.
300 _a175p
942 _2ddc
_cBK
_h891.433
_iPUS/A
_k891.433
_mPUS/A
999 _c43531
_d43531